000 01037nas a2200325 4500
001 BR9601608
003 BR-BrBNA
005 20231205094707.0
007 ta
008 230509b bl.|||p| |||| 00| 00por d
040 _aBR-BrBNA
_bpor
_cBiblioteca Nacional de Agricultura
041 _a(Pt)
072 _aL51
100 1 _aOtto, C.
100 1 _aBona Filho, A.
100 1 _aLeme, M.C.J.
245 1 _aSolubilidade e taxa de desaparecimento da materia seca e da proteina bruta do feno de alfafa, do farelo de soja, da farinha de peixe e de quatro concentrados com diferentes niveis de farinha de peixe
650 _aRumen
650 _aFarinha de Peixe
650 _aFarinha de Carne
650 _aAlfafa
650 _aFeno
650 _aProteina
650 _aMateria Seca
650 _aMetabolismo Proteico
650 _aSolubilidade
773 0 _tRevista do Setor de Ciencias Agrarias (Brazil)
_x
_g(1994), v. 13(1-2) p. 265-272
_wBR9601608
909 _a202311
_bLúcia
_c55
_dLúcia Elande
942 _2AGRIS
_n0
_cANA
999 _c146187
_d146187